000 00514 a2200169 4500
003 OSt
005 20231027151946.0
008 231027b |||||||| |||| 00| 0 eng d
020 _a9788126449866
040 _coclc
082 _a907
_bKER/Y
100 1 _aKersten, Holger,
_d1951-
_98095
245 _aYēśu Intyayil jīviccirunnu = Jesus lived in India /
_cHolger Kersten
260 _aKottayam:
_bD C Books,
_c2023.
300 _a368 p,
_b21 cm
942 _2ddc
_cBK
_h907
_iKER/Y
_k907
_mKER/Y
999 _c42937
_d42937